Cost accounting / (Record no. 82897)

MARC details
000 -LEADER
fixed length control field 00656nam a22002297a 4500
005 - DATE AND TIME OF LATEST TRANSACTION
control field 20140311162705.0
010 ## - LCCN (DPL NO)
LC control number ENG-109525
020 ## - INTERNATIONAL STANDARD BOOK NUMBER
Terms of availability 550.00
International Standard Book Number 9781259026522
020 ## - INTERNATIONAL STANDARD BOOK NUMBER
Terms of availability 550.00
International Standard Book Number 1259026523
035 ## - SYSTEM CONTROL NUMBER
System control number EN-93058
037 ## - SOURCE OF ACQUISITION
Source of stock number/acquisition DBAD/PUB
082 ## - DEWEY DECIMAL CLASSIFICATION NUMBER
Classification number 657.42
100 ## - MAIN ENTRY--PERSONAL NAME
Personal name Jawahar Lal
245 00 - TITLE STATEMENT
Title Cost accounting /
Statement of responsibility, etc by Jawahar Lal [and] Seema Srivastava
250 ## - EDITION STATEMENT
Edition statement 5th ed
260 ## - PUBLICATION, DISTRIBUTION, ETC. (IMPRINT)
Place of publication, distribution, etc New Delhi
Name of publisher, distributor, etc McGraw Hill Education
Date of publication, distribution, etc 2013
270 ## - ADDRESS
Address P-24, Green Park Extn.
City New Delhi
Postal code 110016
300 ## - PHYSICAL DESCRIPTION
Extent xxx,1049p.
Dimensions 25cm(pbk)
500 ## - GENERAL NOTE
General note Includes index
700 ## - ADDED ENTRY--PERSONAL NAME
Personal name Srivastava, Seema
942 ## - ADDED ENTRY ELEMENTS (KOHA)
Source of classification or shelving scheme Dewey Decimal Classification
Item type English Books
Call number suffix JAW
Classification part 657.42
Holdings
Withdrawn status Lost status Not for loan Collection code Home library Current library Date acquired Source of acquisition Cost, normal purchase price Full call number Barcode Copy number Cost, replacement price Koha item type
    Not For Loan Non-fiction D.B.Act.Division D.B.Act.Division 06/03/2014 DBAD/PUB 550.00 657.42 JAW EN-93058 1 550.00 English Books

© Delhi Public Library
Hit Counter
free hit counter